[Event "Puerto Lopez op"]
[Site "Puerto Lopez"]
[Date "2022.05.08"]
[Round "4"]
[White "Delgado Abril, Clemente"]
[Black "Garay Parrado, Leonardo"]
[Result "1-0"]
[WhiteElo "1555"]
[BlackElo "1600"]
[PlyCount "35"]
[EventDate "2022.05.07"]
[EventType "swiss"]
[EventRounds "6"]
[EventCountry "COL"]
[SourceTitle "CBM 208 Extra"]
[Source "ChessBase"]
[SourceDate "2022.07.31"]
[SourceVersion "1"]
[SourceVersionDate "2022.07.31"]
[SourceQuality "1"]

1. d4 d5 2. f4 f5 3. e3 e6 4. Nf3 Nf6 5. a3 Bd6 6. Nc3 Nbd7 7. b3 0-0 8. Bb2 c5 9. g3 b6 10. Bg2 Bb7 11. Qe2 Rc8 12. 0-0 Nb8 13. Ng5 Nc6 14. Nxe6 Qe7 15. Nxf8 Rxf8 16. Rfe1 Re8 17. Qd3 Ne4 18. Nxe4 1-0